Vyšší územný celok - jeho postavenie, kompetencie a úlohy v rozvoji regiónov

Vyšší územný celok je najmladším predstaviteľom územnej samosprávy v SR. Postavenie vyššieho územného celku v podmienkach SR a jeho úloha ako manažéra rozvoja regiónu.

Gespeichert in:
Bibliographische Detailangaben
1. Verfasser: Gecíková, Ivana
Weitere Verfasser: Papcunová, Viera
Format: Buchkapitel
Sprache:Slowakisch
Schlagworte:
Tags: Tag hinzufügen
Keine Tags, Fügen Sie das erste Tag hinzu!

MARC

LEADER 00000nla$a2200000$$$4500
001 0134063
005 20221103133835.4
041 0 |a slo 
044 |a SK 
245 1 0 |a Vyšší územný celok - jeho postavenie, kompetencie a úlohy v rozvoji regiónov  |c Ivana Gecíková, Viera Papcunová 
520 |a Vyšší územný celok je najmladším predstaviteľom územnej samosprávy v SR. Postavenie vyššieho územného celku v podmienkach SR a jeho úloha ako manažéra rozvoja regiónu. 
610 2 0 |a vyššie územné celky 
610 2 0 |a rozvoj regionálny 
610 2 0 |a samospráva regionálna 
100 1 |a Gecíková, Ivana 
700 1 |a Papcunová, Viera